书目信息 |
| 题名: |
中外公司收购与兼并实务操作
|
|
| 作者: | 严军兴 , 王文钦 主编 | |
| 分册: | ||
| 出版信息: | 北京 科学普及出版社 1996.10 |
|
| 页数: | 555页 | |
| 开本: | 32开 | |
| 丛书名: | ||
| 单 册: | ||
| 中图分类: | F276.6 | |
| 科图分类: | ||
| 主题词: | 企业经济 | |
| 电子资源: | ||
| ISBN: | 7-110-04044-5 | |
| 000 | 00641nam0 2200205 45 | |
| 001 | 0010241983 | |
| 005 | 20001024193441.2 | |
| 010 | @a7-110-04044-5@d25.00元 | |
| 100 | @a20001024d1996 km y0chiy0120 ea | |
| 101 | 0 | @achi |
| 105 | @a z 000yy | |
| 200 | 1 | @a中外公司收购与兼并实务操作@AZhong Wai Gong Si Shou Gou Yu Jian Bing Shi Wu Cao Zuo@f严军兴,王文钦主编@FYan Jun Xing,Wang Wen Qin Zhu Bian |
| 210 | @a北京@c科学普及出版社@d1996.10 | |
| 215 | @a555页@d32开 | |
| 606 | 0 | @a企业经济 |
| 690 | @aF276.6@v3 | |
| 701 | 0 | @a严军兴@4主编 |
| 701 | 0 | @a王文钦@4主编 |
| 801 | @aCN@bPftUser@c20001024 | |
| 905 | @b186875-877@dF276.6@eY889@f3 | |
| 中外公司收购与兼并实务操作/严军兴,王文钦主编.-北京:科学普及出版社,1996.10 |
| 555页;32开 |
| ISBN 7-110-04044-5:25.00元 |
| ● |
| 相关链接 |
|
|
|
正题名:中外公司收购与兼并实务操作
索取号:F276.6/Y889
 
预约/预借
| 序号 | 登录号 | 条形码 | 馆藏地/架位号 | 状态 | 备注 |
| 1 | 186875 | 201868755 | 社科库409/409社科库 96排3列3层/ [索取号:F276.6/Y889] | 在馆 | |
| 2 | 186876 | 201868764 | 社科库409/400B社科库 3排2列3层/ [索取号:F276.6/Y889] | 在馆 | |
| 3 | 186877 | 201868773 | 社科库409/400B社科库 3排2列3层/ [索取号:F276.6/Y889] | 在馆 |